| 000 | 00551nam a2200193 i 4500 | ||
|---|---|---|---|
| 001 | 59690 | ||
| 003 | ES-MaACL | ||
| 005 | 20230906164100.0 | ||
| 007 | t| | ||
| 008 | 031030s1958 sp ||||1| spa d | ||
| 100 | 1 |
_aEnrique y Tarancón, Vicente. _947273 |
|
| 245 | 1 | 4 |
_aLos seglares en la Iglesia / _cVicente E. Tarancón. |
| 260 |
_aMadrid : _bEuramérica, _c[1958] ( _fBlass) |
||
| 300 |
_a185 p. ; _c18 cm. |
||
| 490 | 1 | _aUn mundo mejor | |
| 830 | 0 |
_aUn mundo mejor _9230530 |
|
| 852 |
_aES-MaACL _jC-15273 _bR.42514 |
||
| 999 |
_c59690 _d59690 |
||